Actors who worked with Alex Garland - Statistics

General Stats
  • This quiz has been taken 17 times
  • The average score is 15 of 29
Answer Stats
Films Answer % Correct
Ex Machina, Annihilation Oscar Isaac
92%
Ex Machina Domhnall Gleeson
85%
Civil War Kirsten Dunst
85%
Annihilation Natalie Portman
85%
Warfare Will Poulter
85%
Ex Machina Alicia Vikander
77%
Men Jessie Buckley
69%
Civil War Wagner Moura
69%
Civil War Cailee Spaeny
62%
Warfare Cosmo Jarvis
62%
Warfare D'Pharaoh Woon-A-Tai
54%
Civil War Jesse Plemons
54%
Men Rory Kinnear
54%
Annihilation Tessa Thompson
54%
Annihilation Gina Rodriguez
46%
Annihilation Jennifer Jason Leigh
46%
Warfare Michael Gandolfini
46%
Annihilation Benedict Wong
38%
Warfare Charles Melton
38%
Warfare Joseph Quinn
38%
Civil War Nick Offerman
38%
Warfare Noah Centineo
38%
Ex Machina, Annihilation, Civil War Sonoya Mizuno
38%
Civil War Stephen McKinley Henderson
38%
Warfare Kit Connor
31%
Annihilation Tuva Novotny
23%
Annihilation David Gyasi
15%
Men Gayle Rankin
15%
Men Paapa Essiedu
15%
No matching quizzes found
Score Distribution
Percent of People with Each Score
Percentile by Number Answered
Your Score History
You have not taken this quiz